The Roots of urban unrest
Saved in:
| Corporate Authors: | , |
|---|---|
| Other Authors: | , |
| Format: | Book |
| Language: | English |
| Published: |
Oxford ; New York :
Pergamon Press,
1987
|
| Edition: | 1st ed |
| Subjects: | |
| Tags: |
Add Tag
No Tags, Be the first to tag this record!
|
MARC
| LEADER | 00000cam a2200000 i 4500 | ||
|---|---|---|---|
| 001 | 1/82489 | ||
| 008 | 980924s1987 eng d | ||
| 020 | |a 0-08-035840-3 | ||
| 035 | |l 10033961 | ||
| 035 | |a 1991 |b 1 |c Ρούσσου | ||
| 040 | |a GR-MY-UA |b gre |e aacr | ||
| 041 | 0 | |a eng | |
| 082 | 0 | |a 303.6230941 |2 (19) | |
| 245 | 1 | 4 | |a The Roots of urban unrest / |c edited by John Benyon and John Solomos |
| 250 | |a 1st ed | ||
| 260 | |a Oxford ; New York : |b Pergamon Press, |c 1987 | ||
| 300 | |a xvii, 207 p.; |c 24 cm | ||
| 500 | |a Papers presented at a conference organized by the Continuing Education Unit, Dept. of Adult Education, University of Leicester and the Centre for Research in Ethnic Relations, University of Warwick, held at the University of Warwick, 1986 | ||
| 504 | |a Βιβλιογραφία: σ. 197-200 | ||
| 504 | |a Περιέχει ευρετήριο | ||
| 650 | 0 | 0 | |a Riots |z Great Britain |x Congresses. |
| 650 | 0 | 0 | |a Police |z Great Britain |x Congresses. |
| 651 | 0 | |a Great Britain |x Race relations |x Congresses. | |
| 651 | 0 | |a Great Britain |x Social conditions |y 1945- | |
| 700 | 1 | |a Benyon, John. |4 edt | |
| 700 | 1 | |a Solomos, John. |4 edt | |
| 710 | 2 | |a University of Leicester |b Continuing Education Unit. | |
| 710 | 2 | |a Centre for Research in Ethnic Relations (Economic and Social Research Council) | |
| 852 | |a INST |b RHODES |e 19980924 |h 303.6230941 ROO |p 005400008320 |q 005400008320 |t BK |y 0 | ||
| 852 | |a INST |b RHODES |e 19980924 |h 303.6230941 ROO |p 005400008321 |q 005400008321 |t BK |y 0 | ||
| 909 | |a Ρ |b 019749 |c 1991 | ||
| 909 | |a Ρ |b 019750 |c 1991 | ||